Szczegóły MARC21

Psycholinguistik /

003 -Nazwa inst., której nr kontr. jest w polu 001 [,]
    • @
    • Nazwa instytucji, której n kontrolny jest w polu 001
    • NUKAT
005 -DATA I CZAS OSTATNIEJ MODYFIKACJI [,]
    • @
    • pole kontrolne
    • 20241231092555.0
020 -Międzynarod. znormalizowany nr książki - ISBN [ , ]
    • a
    • Numer ISBN
    • 3770510615 Find
040 -Instytucja sporządzająca opis [ , ]
    • a
    • Instytucja, która sporządziła opis (NP)
    • LUBL U/ISA
    • c
    • Instytucja, która sporządziła rekord (NP)
    • LUBL U/ISA
    • d
    • Instytucja, która zmodyfikowała rekord (P)
    • LUBL U/EM
    • d
    • Instytucja, która zmodyfikowała rekord (P)
    • KAT U/46MM
942 -Rodzaj dokumentu [ , ]
    • c
    • Rodzaj dokumentu
    • Książka
100 -Hasło główne - nazwa osobowa [1, ]
    • a
    • Nazwa osobowa (NP)
    • Engelkamp, Johannes.
    • 9
    • KHW
    • 492236
245 -Strefa tytułu i oznaczenia odpowiedzialności [1,0]
    • a
    • Tytuł
    • Psycholinguistik / Find
    • c
    • Pozostałe elementy strefy tytułu i oznaczenia odpowiedzialności (NP)
    • Johannes Engelkamp.
260 -Strefa adresu wydawniczego [ , ]
    • a
    • Miejsce wydania (P)
    • München :
    • b
    • Nazwa wydawcy (P)
    • Wilhelm Fink Verlag,
    • c
    • Data wydania (P)
    • cop. 1974.
300 -Strefa opisu fizycznego [ , ]
    • a
    • Określenie formy książki i/lub objętość (NP)
    • 234 s. :
    • b
    • Oznaczenie ilustracji (NP)
    • il. ;
    • c
    • Format (NP)
    • 19 cm.
336 -Typ zawartości [ , ]
    • a
    • Termin opisujący typ zawartości
    • Tekst
    • b
    • Kod określający zawartość
    • txt
    • 2
    • Źródło (terminu i kodu)
    • rdacontent
337 -Typ mediów [ , ]
    • a
    • Tryb odtwarzania
    • Bez urządzenia pośredniczącego
    • b
    • Kod typu mediów
    • n
    • 2
    • Źródło (terminu i kodu)
    • rdamedia
338 -Typ/rodzaj nośnika [ , ]
    • a
    • Hasło opisujące typ nośnika
    • Wolumin
    • b
    • Kod typu nośnika
    • nc
    • 2
    • Źródło (terminu i kodu)
    • rdacarrier
490 -Strefa serii i książki wielotomowej - forma nie do wyszukiwania [1, ]
    • a
    • Tytuł (P)
    • Uni-Taschenbücher ; Find
    • v
    • Numeracja (P)
    • 297
830 -Hasło dodatkowe serii i opisu książki wielotomowej - tytuł ujednolicony/tytuł [ ,0]
    • a
    • Tytuł ujednolicony/tytuł (NP)
    • UTB Uni-Taschenbücher
    • x
    • ISSN
    • 0340-7225
    • v
    • Oznaczenie tomu (NP)
    • 297
    • 9
    • KHW
    • 15685
500 -Uwaga ogólna [ , ]
    • a
    • Uwaga ogólna (NP)
    • Na 4 s. okł.: UTB Linguistik, Psychologie.
504 -Uwaga dot. bibliogr. załącznikowej [ , ]
    • a
    • Uwaga dot. bibliografii załącznikowej
    • Bibliogr. s. 212-226. Indeksy.
080 -Uniwersalna Klasyfikacja Dziesiętna [ , ]
    • a
    • Symbol klasyfikacji
    • 801=30
650 -Hasło przedmiotowe [ ,7]
    • a
    • Hasło przedmiotowe
    • Psycholingwistyka.
    • 2
    • Źródło terminu
    • kaba
    • 9
    • KHW
    • 126950
980 -Symbol UKD [ , ]
    • a
    • UKD
    • 801=30
710 -Hasło dodatkowe - nazwa ciała zbiorowego [2, ]
    • a
    • Nazwa ciała zbiorowego lub nazwa geograficzna jako pierwszy element (NP)
    • Wilhelm Fink Verlag.
    • 4
    • Kod relacji
    • pbl
    • 9
    • KHW
    • 57412
920 -ISBN [ , ]
    • a
    • ISBN
    • 3-7705-1061-5 Find
Status udost. Numer inwentarzowy Data inwentaryzacji Lokalizacja Sygnatura
-3G.48332000-05-11BMGerm. Psycholingwistyka 12